000 00545nam a2200241Ia 4500
003 OSt
005 20220924145535.0
006 a|||||r|||| 00| 0
007 ta
008 TEL
020 _c120.00
024 _a329251
037 _cTextual
040 _aARTS
_cARTS
_bTEL
041 _2TEL
_aTEL
082 _aNW, 35N3
100 _aPrabhu Au.
_9220005
245 0 _aSwarnayugam lo annapurna
260 _c1993
650 _aTELEVISION
_9220006
942 _hNW, 35N3
_cTEXL
_2CC
999 _c460430
_d460430